00765nam a2200181 i 450000100060000000300090000600500170001500700030003200800410003524501320007626000410020830000220024950000920027171000640036385200200042799900170044795201190046446294ES-MaACL20230906161346.0t|030328s1931 fr ||||1| fre d00aComptes rendus des seances de la quatrième conference reunie áa Stockholm du 14 au 23 aout 1930 / credigée par E. Rothe. aToulouse : bEdomont Privat, c1931. a330 p. ; c25 cm. aPrecede al tít: Union Gedesique et Geophysique Internationale Section de Seismologie.2 aUnion Géodesique et Géophysique Internationale.9194515 aES-MaACLjA-117 c46294d46294 00104070aATENEOMbATENEOMcSPP1d2008-01-17eSCl0oA-117p1048691r2023-02-23 00:00:00w2023-02-23yMONOGRAFIA